Statistiques concernant - 150 films d'animation -

Cliquez ici pour prendre le quiz!

Statistiques générales

  • Ce quiz a été pris 1 754 fois
  • Le résultat moyen est 52 sur 150

Statistiques - réponses

StudioSortieHérosFilm% Correct
2006VoitureCars
84%
2011VoitureCars 2
84%
2017VoitureCars 3
84%
Pixar1995JouetToy Story
84%
1999JouetToy Story 2
84%
2010JouetToy Story 3
84%
2016PoissonLe Monde de Dory
83%
2003PoissonLe Monde de Nemo
83%
2007RatRatatouille
80%
2014FéeClochette et la Créature légendaire
77%
2014FéeClochette et la Fée pirate
77%
2009FéeClochette et la Pierre de lune
77%
2012FéeClochette et le Secret des fées
77%
2010FéeClochette et l'Expédition féerique
77%
2008FéeLa Fée Clochette
77%
2001OgreShrek
75%
2004OgreShrek 2
75%
2010OgreShrek 4
75%
2007OgreShrek le Troisième
75%
2008PandaKung Fu Panda
73%
2011PandaKung Fu Panda 2
73%
2016PandaKung Fu Panda 3
73%
2009Garçon & vieil hommeLà-Haut
72%
2015EmotionsVice-Versa
71%
Blue Sky2002Paresseux & mammouthL'Âge de Glace
68%
2006Paresseux & mammouthL'âge de Glace 2
68%
2009Paresseux & mammouthL'Âge de Glace 3 - Le Temps des Dinosaures
68%
2012Paresseux & mammouthL'Âge de Glace 4 - La Dérive des continents
68%
2016Paresseux & mammouthL'Âge de Glace - Les Lois de l'Univers
68%
2017Jeune garçonCoco
66%
2013MonstreMonstres Academy
63%
2001MonstreMonstres & Cie
63%
2010PrincesseRaiponce
63%
2013AvionPlanes
60%
2014AvionPlanes 2
60%
1998Fourmi1001 Pattes
59%
2014PingouinLes Pingouins de Madagascar
59%
2008RobotWall-E
59%
2016Lapine & renardZootopie
58%
2005LionMadagascar
57%
2008LionMadagascar 2
57%
2012LionMadagascar 3 - Bons Baisers d'Europe
57%
Illumination2010Villain convertiMoi, moche & méchant
56%
2013Villain convertiMoi, moche & méchant 2
56%
2017Villain convertiMoi, moche & méchant 3
56%
2004Super-hérosLes Indestructibles
52%
2008ChienVolt, star malgré lui
51%
2000PouleChicken Run
50%
2012Jeune filleRebelle
50%
2017BébéBaby Boss
49%
2013Jeune filleLa Reine des Neiges
48%
Dreamworks1998FourmiFourmiz
47%
2015Garçon & dinosaureLe Voyage d'Arlo
47%
2013EscargotTurbo
47%
2016Jeune fille & demi-dieuVaiana, la Légende du bout du monde
47%
2015MinionLes Minions
46%
2008JediStar Wars: The Clone Wars
46%
2005PouletChicken Little
44%
Disney1993SqueletteL'Étrange Noël de monsieur Jack
44%
2010PrincesseLa Princesse et la Grenouille
43%
2016TrollLes Trolls
43%
2000DinosaureDinosaure
41%
2014Garçon & robotLes Nouveaux Héros
40%
2011OiseauxRio
40%
2014OiseauxRio 2
40%
2013Homme préhistoriqueLes Croods
38%
2014Gaulois & romainsAstérix - Le Domaine des Dieux
37%
2006ManchotHappy Feet
36%
2011ManchotHappy Feet 2
36%
2012Personnages virtuelsLes Mondes de Ralph
36%
2007AbeilleBee Movie - Drôle d'abeille
35%
2007Tortues humanoïdesTMNT : Les Tortues Ninja
35%
2007PrincesseCendrillon et le Prince (pas trop) charmant
34%
2012VampireHôtel Transylvanie
33%
2015VampireHôtel Transylvanie 2
33%
2011ChatLe Chat Potté
30%
2017EmojiLe Monde secret des Emojis
30%
2006Raton-laveurNos Voisins, les Hommes
29%
2004PoissonGang de Requins
27%
2016SaucisseSausage Party
26%
StudioCanal2015MoutonShaun le Mouton - Le Film
26%
2006SourisSouris City
22%
2010AdolecentDragons
21%
2014AdolecentDragons 2
21%
2017LegoLego Batman, le film
21%
2010Extra-TerrestreMegamind
21%
2014LegoLa Grande Aventure Lego
20%
2011CaméléonRango
20%
2005RobotRobots
20%
Sony2006Cerf & oursLes Rebelles de la Forêt
18%
2017KoalaTous en Scène
18%
2016Jeune homme / coeur robotJack et la mécanique du Coeur
17%
2009Femme / GéanteMonstres contre Aliens
17%
2007Jeune Garçon / GénieBienvenue chez les Robinson
16%
Vanguard2005PigeonVaillant, pigeon de combat !
16%
2008EléphantHorton
15%
2005Homme & chienWallace et Gromit - Le Mystère du lapin-garou
15%
2016ChienComme des Bêtes
14%
2012Jeune hommeLe Lorax
14%
2015Fille & extra-terrestreEn Route!
13%
Nickelodeon2006VacheLa Ferme en Folie
12%
2012Adolescent (pouvoir)Les Cinq Légendes
12%
2007ManchotLes Rois de la Glisse
12%
2017ManchotLes Rois de la Glisse 2
12%
2013ScientifiqueL'Île des Miam-nimaux - Tempête de boulettes géantes 2
12%
2009ScientifiqueTempête de Boulettes géantes
12%
2005Jeune homme & cadavreLes Noces funèbres
11%
2006LionThe Wild
11%
Laika2009Jeune filleCoraline
10%
2008ChimpanzéLes Chimpanzés de l'espace
9%
2010ChimpanzéLes Chimpanzés de l'espace 2
9%
EuropaCorp2011Monstre & FemmeUn Monstre à Paris
9%
20th Century Fox2009RenardFantastastic Mr. Fox
8%
2006Jeune garçon / FourmiLucas, fourmi malgré lui
8%
2014Garçon & chienM. Peabody et Sherman - Les Voyages dans le temps
8%
2013Humains (miniatures)Epic - La Bataille du royaume secret
7%
Pathé2015Homme préhistoriquePourquoi j'ai pas mangé mon père
7%
2016CigogneCigognes et Cie
6%
2011LapinHop
6%
2010ChouetteLe Royaume de Ga'hoole
6%
2012PirateLes Pirates ! Bons à rien, mauvais en tout
6%
UGC2009Humain & extra-terrestrePlanète 51
6%
2016OiseauxAngry Birds - Le film
5%
2012Garçon & chienFrankenweenie
5%
Paramount2015Vieil homme & filletteLe Petit Prince
5%
Océans2013Pirates spaciauxAlbator, Corsaire de l'Espace
4%
1996Jeune GarçonJames et la Pêche géante
4%
2014MexicainsLa Légende de Manolo
4%
2012Garçon (pouvoir)L'Etrange pouvoir de Norman
4%
Paradis2015NestriansOups! J'ai raté l'arche...
4%
2017Serpent & scorpionSahara
4%
Gaumont2016Jeune fille & jeune hommeBallerina
3%
2016Jeune GarçonKubo et l'armure magique
3%
2009Vieil hommeLe Drôle de Noël de Scrooge
3%
2011Jeune hommeLes Aventures de Tintin - Le Secret de la Licorne
3%
2014Garçon & trollsLes Boxtrolls
3%
2017Petits êtres bleusLes Schtroumpfs et le Village perdu
3%
La Belle Company2016Ours polaireNorm
3%
SND2009Poupée de chiffonNuméro 9
3%
2016Lombax & robotRatchet et Clank
3%
2015ChienSnoopy et les Peanuts, le film
3%
Warner Bros2004Jeune garçonLe Pôle Express
2%
2016Jeune garçonMa vie de courgette
2%
2011GarçonMilo sur Mars
2%
2015OiseauxGus - Petit Oiseau, Grand Voyage
1%
2011AdolescentMission : Noël
1%
2015FauneMune, le gardien de la lune
1%
2016Homme & perroquetRobinson Crusoe
1%
2016EnfantsLa Bataille Géante de Boules de Neige
0%
Universal2008SourisLa Légende de Despereaux
0%

Distribution des résultats

Percentile par nombre de réponses

% des personnes avec chaque résultat

Votre développement - résultats

Vous n’avez pas pris ce quiz